| 000 | 00610nam a2200229Ia 4500 | ||
|---|---|---|---|
| 005 | 20230110115640.0 | ||
| 008 | 131103s9999 xx 000 0 und d | ||
| 010 | _a226818217 | ||
| 040 | _aLoreto College | ||
| 041 | _aEnglish | ||
| 082 |
_a821.4 _bHER-TUV |
||
| 100 | _aTuve,Rosemond | ||
| 245 | 2 |
_aA reading of George Herbert _cRosemond Tuve |
|
| 260 |
_aChicago _bUniversity of Chicago Press _c1982 |
||
| 300 | _a213 p. | ||
| 504 | _aIncludes notes | ||
| 630 | _aHerbert,George - Criticism | ||
| 650 | _aHerbert,George,1593 - 1633 | ||
| 651 | _aEnglish Poetry | ||
| 850 | _aLCLIB | ||
| 942 | _cBK | ||
| 999 |
_c13094 _d63573 |
||